| 000 -CABECERA |
| Longitud fija campo de control |
01340nam a2200157 a 4500 |
| 001 - NÚMERO DE CONTROL |
| Número de control |
5774 |
| 003 - IDENTIFICADOR DEL NÚMERO DE CONTROL |
| Identificador del número de control |
CDMR |
| 005 - FECHA Y HORA DE LA ÚLTIMA TRANSACCIÓN |
| Fecha y hora de la última transacción |
20130918134226.0 |
| 008 - CÓDIGOS DE INFORMACIÓN DE LONGITUD FIJA |
| Códigos de información de longitud fija |
130130d19232010||||||||||||||||||0|||||d |
| 040 ## - FUENTE DE LA CATALOGACIÓN |
| Centro catalogador de origen |
CDMR |
| Lengua de catalogación |
cat |
| Centro transcriptor |
CDMR |
| 245 #0 - MENCIÓN DE TÍTULO |
| Título |
Enciclopedia Universal Ilustrada Europeo-Americana |
| 260 ## - PUBLICACIÓN, DISTRIBUCIÓN, ETC. (PIE DE IMPRENTA) |
| Lugar de publicación, distribución, etc. |
Bilbao [etc.] |
| Nombre del editor, distribuidor, etc. |
Espasa-Calpe |
| Fecha de publicación, distribución, etc. |
[1923-2010] |
| 300 ## - DESCRIPCIÓN FÍSICA |
| Extensión |
123 v. |
| Otras características físicas |
il. |
| 505 ## - NOTA DE CONTENIDO CON FORMATO |
| Nota de contenido con formato |
Conté: Vol. 1 (A-ACD) - 70 (WEG-Z) ; Apéndice 1-10 ; Apéndice A-Z ; Index 1934-1996 ; Index Suplementos 1934-80 ; Suplemento 1934 ; Suplemento 1935 ; Suplemento 1936-39 (1ª parte) ; Suplemento 1936-39 (2ª parte) ; Suplemento 1940-41 ; Suplemento 1942-44 ; Suplemento 1945-48 ; Suplemento 1949-52 ; Suplemento 1953-54 ; Suplemento 1955-56 ; Suplemento 1957-58 ; Suplemento 1959-60 ; Suplemento 1961-62 ; Suplemento 1963-64 ; Suplemento 1965-66 ; Suplemento 1967-68 ; Suplemento 1969-70 ; Suplemento 1971-72 ; Suplemento 1973-74 ; Suplemento 1975-76 ; Suplemento 1977-78 ; Suplemento 1979-80 ; Suplemento 1981-82 ; Suplemento 1983-84 ; Suplemento 1985-86 ; Suplemento 1987-88 ; Suplemento 1989-90 ; Suplemento 1991-92 ; Suplemento 1993-94 ; Suplemento 1995-96 ; Suplemento 1997-98 ; Suplemento 1999-2000 ; Suplemento 2001-2002 ; Suplemento 2003-2004 ; Suplemento 2005-2006 ; Suplemento 2007-2008 ; Suplemento 2009-2010 ; El siglo de la Espasa |
| 942 ## - ENTRADA DE ELEMENTOS AGREGADOS (KOHA) |
| Koha [por defecto] tipo de item |
Referència i consulta general |
| Fuente de clasificaión o esquema |
|